| 000 | 00657cam a2200241 i 4500 | ||
|---|---|---|---|
| 001 | 410062 | ||
| 005 | 20180126074504.0 | ||
| 008 | 800804s1981 nyua b 001 0 eng | ||
| 010 | _a 80021098 | ||
| 020 | _z0070365830 | ||
| 020 | _a0070099596 | ||
| 040 |
_aDLC _cDLC _dDLC |
||
| 041 | _aeng | ||
| 043 | _an-us--- | ||
| 080 | _a307.72.0973 joh | ||
| 082 | 0 | 0 |
_a307.72.0973 joh _219 |
| 100 | 1 | _a8 | |
| 101 | _amje | ||
| 245 | 1 | 0 |
_aRural society and environment in America / _cJohn E. Carlson, Marie L. Lassey, William R. Lassey. |
| 504 | _aBibliography: p. 392-404. | ||
| 906 |
_a7 _bcbc _corignew _d1 _eocip _f19 _gy-gencatlg |
||
| 942 |
_2ddc _cBK |
||
| 999 |
_c41002 _d41002 |
||